| 000 | 01078nam a22002537a 4500 | ||
|---|---|---|---|
| 999 |
_c19057 _d19057 |
||
| 003 | AR-CdUCM | ||
| 008 | 190516b ||||| |||| 00| 0 spa d | ||
| 040 |
_aMUNICIPALIDAD PROVINCIAL DEL CUSCO _cBIBLIOTECA MUNICIPAL DEL CUSCO |
||
| 082 |
_a336.34098 / _bD63 |
||
| 110 |
_aInstituto de la Deuda Externa Latinoamericana (Lima) _940137 |
||
| 245 | _aDeuda externa latinoamericana / | ||
| 260 |
_aLima : _bInstituto para la Deuda Externa Latinoamericana, _c1991. |
||
| 300 |
_a234 páginas ; _bcuadros, _c24 cm. |
||
| 440 |
_aCuadernos _n2 _940138 |
||
| 500 | _a"Cuadernos 2, abril junio 1991". | ||
| 505 | _aContenido: Artículos -- Avances de investigación -- Análisis de países -- Planteamiento y documento acordado con el FMI en diciembre de 1989 -- Informe especial -- Documentos. | ||
| 650 |
_aDeuda externa _93267 |
||
| 650 |
_aAmérica Latina _91130 |
||
| 650 |
_aSiglo XX _98 |
||
| 700 |
_aGarcía Pérez, Alan (presentador) _940139 |
||
| 710 |
_aInstituto para la Deuda Externa Latinoamericana (Lima) _940140 |
||
| 942 |
_2ddc _cLIBROS |
||
| 945 |
_aachl _d2019-05-16 |
||